Olympiasieger im Eishockey - Statistiken

Allgemein
  • Dieses Quiz wurde 871 mal gespielt
  • Das Durchschnittsergebnis liegt bei 9 aus 11
Antwortstatistiken
Gold Silber Bronze Länder % Korrekt
13 5 2 Kanada
99%
2 4 5 Schweden
98%
3 11 2 Vereinigte Staaten
98%
0 0 2 Deutschland / BR Deutschland
97%
0 2 6 Finnland
97%
0 1 1 Russland
95%
0 0 3 Schweiz
82%
1 0 1 Tschechische Repubik
82%
8 1 1 Sowjetunion / Vereintes Team
77%
1 0 1 Großbritannien
55%
0 4 4 Tschechoslowakei
45%
Keine übereinstimmenden Quizze gefunden
Verteilung der Resultate
Anzahl Personen mit jedem Resultat
Perzentil nach korrekt beantworteten Fragen
Ihre Resultats-Entwicklung
Sie haben dieses Quiz noch nicht gespielt